[Event "Feffernitz Raika op 05th"]
[Site "Feffernitz"]
[Date "1996.??.??"]
[Round "?"]
[White "Weiss, Richard"]
[Black "Koeferler, Ch"]
[Result "1-0"]
[WhiteElo "1675"]
[BlackElo "1605"]
[PlyCount "63"]
[EventDate "1996.08.??"]
[EventType "swiss"]
[EventRounds "9"]
[EventCountry "AUT"]
[SourceTitle "EXT 2004"]
[Source "ChessBase"]
[SourceDate "2003.11.25"]
[SourceVersion "1"]
[SourceVersionDate "2003.11.25"]
[SourceQuality "1"]

1. Nf3 e6 2. g3 d5 3. Bg2 Nf6 4. 0-0 c5 5. d3 Nc6 6. Nbd2 Bd7 7. e4 Bd6 8. Re1 Ne5 9. Nxe5 Bxe5 10. exd5 Bd6 11. dxe6 Bxe6 12. Bxb7 Rb8 13. Bc6+ Nd7 14. Bd5 Qf6 15. Bxe6 fxe6 16. Ne4 Qe7 17. Nxd6+ Qxd6 18. Qe2 Rb6 19. b3 0-0 20. Bb2 Re8 21. Rad1 Nf6 22. Bxf6 gxf6 23. Qh5 Qe7 24. Re4 e5 25. Qf5 Rb4 26. Rde1 Reb8 27. f4 Rxe4 28. Qxe4 Rb4 29. Qd5+ Kg7 30. fxe5 Rd4 31. exf6+ Kxf6 32. Qf3+ 1-0